logo

Bir Sreshtho Munshi Abdur Rouf Library
Jhenaidah Cadet College

অনুভূতির অভিধান / (Record no. 13857)

MARC details
000 -LEADER
fixed length control field 00645nam a2200229 a 4500
001 - CONTROL NUMBER
JCCL Control Number 13857
003 - CONTROL NUMBER IDENTIFIER
JCCL marc code BD-JhCC
005 - DATE AND TIME OF LATEST TRANSACTION
control field 20240423131014.0
008 - FIXED-LENGTH DATA ELEMENTS--GENERAL INFORMATION
fixed length control field 181026b2021 bg |||| ||a| 000 0 ben d
020 ## - INTERNATIONAL STANDARD BOOK NUMBER
International Standard Book Number 9789848072868
035 ## - SYSTEM CONTROL NUMBER
system control number (BD-JhCC)13857
040 ## - CATALOGING SOURCE
Original cataloging agency BD-JhCC
Modifying agency BD-JhCC
041 ## - LANGUAGE CODE
Language code of Book bengali
082 ## - DEWEY DECIMAL CLASSIFICATION NUMBER
Classification number 780.92
Author mark and Year KHA 2021
100 ## - MAIN ENTRY--PERSONAL NAME
Personal name খান,তাহসান
245 ## - TITLE STATEMENT
Title অনুভূতির অভিধান /
Statement of responsibility, etc তাহসান খান ।
Remainder of title
260 ## - PUBLICATION, DISTRIBUTION, ETC. (IMPRINT)
Place of publication, distribution, etc ঢাকা:
Name of publisher, distributor, etc অধ্যয়ন;
Date of publication, distribution, etc 2021.
300 ## - PHYSICAL DESCRIPTION
Pagination 119 p. :
Dimensions 22 cm.
650 ## - SUBJECT ADDED ENTRY--TOPICAL TERM
Topical term or geographic name as entry element Music personality
942 ## - ADDED ENTRY ELEMENTS (KOHA)
Source of classification or shelving scheme Dewey Decimal Classification
Koha item type Books
Holdings
Source of classification or shelving scheme Damaged status Not for loan Home library Current library Shelving location Date of accession Cost, normal purchase price Total Checkouts Full call number Barcode Date last seen Copy number Method of acquisition Koha item type Currency Date checked out
Dewey Decimal Classification     JCC Rouf Library JCC Rouf Library General Stacks   270.00   780.92 KHA 2021 19167 04/23/2024 C-1 Gift/Donation Books BDT  
Dewey Decimal Classification     JCC Rouf Library JCC Rouf Library General Stacks   270.00 3 780.92 KHA 2021 19168 01/22/2025 C-2 Gift/Donation Books BDT 01/20/2025
Dewey Decimal Classification     JCC Rouf Library JCC Rouf Library General Stacks   270.00   780.92 KHA 2021 19169 04/23/2024 C-3 Gift/Donation Books BDT  

JCC Library | Contacts | JCC Home

Last Update on 23 September 2017
Copyright @ 2017-2020 JCC Rouf Library
Rouf Library, Jhenidah Cadet College (JCC), Bangladesh